| 000 | 00840nam a2200277Ia 4500 | ||
|---|---|---|---|
| 005 | 20250425160711.0 | ||
| 008 | 250425s9999 xx 000 0 und d | ||
| 020 | _a9978840257 | ||
| 041 | _aspa | ||
| 043 | _aec | ||
| 082 | _a382.098 | ||
| 100 | _aCREAMER GUILLEN, GERMAN | ||
| 245 | 0 | _aEL ECUADOR EN EL MERCADO MUNDIAL: EL REGIONALISMO ABIERTO Y LA PARTICIPACION DEL ECUADOR EN EL GRUPO ANDINO, EL TRATADO DE LIBRE COMERCIO DE NORTEAMERICA Y LA CUENCA DEL PACIFICO | |
| 250 | _aS.E. | ||
| 260 |
_aEcuador _bCORPORACION EDITORA NACIONAL _c1997 |
||
| 260 | _aQUITO | ||
| 300 | _a252 | ||
| 500 | _abiblioteca de ciencias socialesvol.49 | ||
| 650 | _aAMERICA LATINA | ||
| 650 | _aCOMERCIO ANDINO | ||
| 650 | _aGRUPO ANDINO | ||
| 650 | _aINTEGRACION ECONOMICA | ||
| 650 | _aREGIONALISMO | ||
| 942 | _c01 | ||
| 010 | _a2712 | ||
| 999 |
_c194386 _d194386 |
||